| 000 | 00648nam a2200205 i 4500 | ||
|---|---|---|---|
| 001 | 101088 | ||
| 003 | ES-MaACL | ||
| 005 | 20240208063110.0 | ||
| 007 | t| | ||
| 008 | 051011s1966 sp f ||||1|dspa d | ||
| 080 | _a946"1931/39"(093.32) | ||
| 100 | 1 |
_aMaura, Miguel, _d1887-1971 _979220 |
|
| 245 | 1 | 0 |
_aAsí cayó Alfonso XIII / _cMiguel Maura. |
| 260 |
_aBarcelona : _bAriel, _c1966. |
||
| 300 |
_a350 p., 14 lám. ; _c23 cm. |
||
| 600 | 1 | 4 |
_aMaura, Miguel, _d1887-1971 _979220 |
| 651 | 4 |
_aEspaña- _xHistoria- _y1930-1931, Gobierno Berenguer- _vRelatos personales. _9140742 |
|
| 852 |
_aES-MaACL _jC-30183 |
||
| 999 |
_c101088 _d101088 |
||